Presidents of Poland - Statistics

General Stats
  • This quiz has been taken 138 times
  • The average score is 7 of 11
Answer Stats
Picture Answer % Correct
Lech Wałęsa
94%
Andrzej Duda
91%
Lech Kaczyński
83%
Karol Nawrocki
82%
Bronisław Komorowski
75%
Aleksander Kwaśniewski
68%
Wojciech Jaruzelski
68%
Gabriel Narutowicz
56%
Bolesław Bierut
49%
Ignacy Mościcki
42%
Stanisław Wojeciechowski
33%
No matching quizzes found
Score Distribution
Percent of People with Each Score
Percentile by Number Answered
Your Score History
You have not taken this quiz